00916nam a2200241 i 4500001000300000100002300003245012800026260004300154300002900197490006700226504002600293650003600319650003400355830004700389040000800436041000700444080001100451942000700462008004100469999001700510856009800527952004900625bg1 aKASZOWSKA, Barbara10aPlanowanie rozwoju elektroenergetycznej sieci przesyłowej w warunkach urynkowienia elektroenergetyki /cBarbara Kaszowska. aOpole :bOficyna Wydawnicza PO,c2000. a187 s. :brys. ;c24 cm.1 aStudia i Monografie. Politechnika Opolska,x1429-6063 ;vz.115 aBibliogr. s. 170-178. 9aElektroenergetykaxurządzenia 9aElektroenergetykaxplanowanie 0aStudia i Monografie.pPolitechnika Opolska cBPK0 apl a621.31 cKS s pl f |000 0 pol  c37952d37952 uhttp://koha.tu.koszalin.pl/cgi-bin/koha/opac-detail.pl?biblionumber=37952yKatalog online BPK 00104070aBPKbBPKcwo54431p01506693yKS